Estatísticas para Campeões Mundiais da Fórmula 1

Clique aqui para jogar o quiz

Estatísticas Gerais

  • Esse quiz foi jogado 10 389 vezes
    (6 366 desde o último reset)
  • A pontuação média é 16 de 34

Estatísticas das Respostas

AnosNacionalidadeCampeão% Correto
1988, 1990, 1991BrasilAyrton Senna
97%
2008, 2014, 2015, 2017, 2018, 2019, 2020Reino UnidoLewis Hamilton
97%
2021, 2022, 2023Países BaixosMax Verstappen
89%
1994, 1995, 2000, 2001, 2002, 2003, 2004AlemanhaMichael Schumacher
86%
2010, 2011, 2012, 2013AlemanhaSebastian Vettel
81%
2005, 2006EspanhaFernando Alonso
79%
1981, 1983, 1987BrasilNelson Piquet
72%
1985, 1986, 1989, 1993FrançaAlain Prost
67%
1972, 1974BrasilEmerson Fittipaldi
66%
2016AlemanhaNico Rosberg
66%
2007FinlândiaKimi Räikkönen
63%
1982FinlândiaKeke Rosberg
61%
1975, 1977, 1984ÁustriaNiki Lauda
57%
2009Reino UnidoJenson Button
53%
1951, 1954, 1955, 1956, 1957ArgentinaJuan Manuel Fangio
52%
1998, 1999FinlândiaMika Häkkinen
50%
1997CanadáJacques Villeneuve
43%
1992Reino UnidoNigel Mansell
41%
1996Reino UnidoDamon Hill
39%
1962, 1968Reino UnidoGraham Hill
37%
1961EUAPhil Hill
36%
1976Reino UnidoJames Hunt
35%
1952, 1953ItáliaAlberto Ascari
29%
1950ItáliaGiuseppe Farina
28%
1969, 1971, 1973Reino UnidoJackie Stewart
27%
1978EUAMario Andretti
27%
1959, 1960, 1966AustráliaJack Brabham
25%
1963, 1965Reino UnidoJim Clark
22%
1980AustráliaAlan Jones
20%
1979África do SulJody Scheckter
20%
1970ÁustriaJochen Rindt
17%
1967Nova ZelândiaDenny Hulme
14%
1964Reino UnidoJohn Surtees
14%
1958Reino UnidoMike Hawthorn
14%

Distribuição das Pontuações

Percentil de Números Respondidos

Porcentagem de Pessoas com Cada Pontuação

Sua Pontuação Histórica

Você não jogou esse quiz desde o último reset